000 00384nam a2200157Ia 4500
008 230524s9999 xx 000 0 und d
082 _a530.78
_bRAT
100 _aUmesh Rathore
_942037
245 0 _aIndustrial Instrumentation
250 _a1
260 _aNew Delhi
_bKatson
_c2011
300 _a"XIII,243p;"
500 _aQuantity Number: 1
650 _aMechanics
942 _cBK
999 _c56453
_d56453